<?xml version="1.0" encoding="UTF-8"?>
<record
    xmlns:xsi="http://www.w3.org/2001/XMLSchema-instance"
    xsi:schemaLocation="http://www.loc.gov/MARC21/slim http://www.loc.gov/standards/marcxml/schema/MARC21slim.xsd"
    xmlns="http://www.loc.gov/MARC21/slim">

  <leader>01213nam1a2200289   4500</leader>
  <controlfield tag="001">RU\NLR\BIBL_A\011392283</controlfield>
  <controlfield tag="005">20260406074055.0</controlfield>
  <datafield tag="035" ind1=" " ind2=" ">
    <subfield code="a">(NLR Aleph) 011392283</subfield>
  </datafield>
  <datafield tag="090" ind1=" " ind2=" ">
    <subfield code="a">11458777</subfield>
    <subfield code="c">11458777</subfield>
  </datafield>
  <datafield tag="100" ind1=" " ind2=" ">
    <subfield code="a">20170504g20179999k  y0rusy50      ca</subfield>
  </datafield>
  <datafield tag="101" ind1="1" ind2=" ">
    <subfield code="a">rus</subfield>
    <subfield code="c">gre</subfield>
  </datafield>
  <datafield tag="102" ind1=" " ind2=" ">
    <subfield code="a">RU</subfield>
  </datafield>
  <datafield tag="105" ind1=" " ind2=" ">
    <subfield code="a">    z        </subfield>
  </datafield>
  <datafield tag="200" ind1="1" ind2=" ">
    <subfield code="a">&#x418;&#x441;&#x442;&#x43E;&#x440;&#x438;&#x44F; &#x440;&#x43E;&#x43C;&#x435;&#x435;&#x432;</subfield>
    <subfield code="d">&#x3A1;&#x3C9;&#x3BC;&#x3B1;&#x3CA;&#x3BA;&#x3AE; &#x3AF;&#x3C3;&#x3C4;&#x3BF;&#x3C1;&#x3AF;&#x3B1;</subfield>
    <subfield code="f">&#x41D;&#x438;&#x43A;&#x438;&#x444;&#x43E;&#x440; &#x413;&#x440;&#x438;&#x433;&#x43E;&#x440;&#x430;</subfield>
    <subfield code="g">[&#x43F;&#x435;&#x440;. &#x441; &#x433;&#x440;&#x435;&#x447;. &#x420;.&#x412;. &#x42F;&#x448;&#x443;&#x43D;&#x441;&#x43A;&#x43E;&#x433;&#x43E;</subfield>
    <subfield code="g">&#x432;&#x441;&#x442;&#x443;&#x43F;. &#x441;&#x442;. &#x41B;. &#x413;&#x435;&#x440;&#x434;]</subfield>
    <subfield code="z">gre</subfield>
  </datafield>
  <datafield tag="210" ind1=" " ind2=" ">
    <subfield code="a">&#x421;&#x430;&#x43D;&#x43A;&#x442;-&#x41F;&#x435;&#x442;&#x435;&#x440;&#x431;&#x443;&#x440;&#x433;</subfield>
    <subfield code="c">&#x418;&#x437;&#x434;&#x430;&#x442;&#x435;&#x43B;&#x44C;&#x441;&#x43A;&#x438;&#x439; &#x43F;&#x440;&#x43E;&#x435;&#x43A;&#x442; "&#x41A;&#x432;&#x430;&#x434;&#x440;&#x438;&#x432;&#x438;&#x443;&#x43C;"</subfield>
    <subfield code="d">2017</subfield>
  </datafield>
  <datafield tag="215" ind1=" " ind2=" ">
    <subfield code="d">22</subfield>
  </datafield>
  <datafield tag="225" ind1="1" ind2=" ">
    <subfield code="a">Seria Byzantina</subfield>
  </datafield>
  <datafield tag="510" ind1="1" ind2=" ">
    <subfield code="6">z45790</subfield>
    <subfield code="a">&#x3A1;&#x3C9;&#x3BC;&#x3B1;&#x3CA;&#x3BA;&#x3AE; &#x3AF;&#x3C3;&#x3C4;&#x3BF;&#x3C1;&#x3AF;&#x3B1;</subfield>
    <subfield code="z">gre</subfield>
  </datafield>
  <datafield tag="607" ind1=" " ind2=" ">
    <subfield code="a">&#x412;&#x438;&#x437;&#x430;&#x43D;&#x442;&#x438;&#x44F;</subfield>
    <subfield code="x">&#x418;&#x441;&#x442;&#x43E;&#x440;&#x438;&#x44F;</subfield>
    <subfield code="z">13 - 14 &#x432;&#x432;.</subfield>
    <subfield code="9">1326718</subfield>
    <subfield code="3">RU\NLR\AUTH\66236262</subfield>
  </datafield>
  <datafield tag="686" ind1="1" ind2=" ">
    <subfield code="a">&#x422;3(0)443</subfield>
  </datafield>
  <datafield tag="700" ind1=" " ind2="0">
    <subfield code="8">rus</subfield>
    <subfield code="7">ca</subfield>
    <subfield code="a">&#x41D;&#x438;&#x43A;&#x438;&#x444;&#x43E;&#x440; &#x413;&#x440;&#x438;&#x433;&#x43E;&#x440;&#x430;</subfield>
    <subfield code="f">&#x43E;&#x43A;.1295-&#x43E;&#x43A;.1360</subfield>
    <subfield code="3">RU\NLR\AUTH\77126644</subfield>
    <subfield code="9">109568</subfield>
  </datafield>
  <datafield tag="702" ind1=" " ind2="1">
    <subfield code="a">&#x42F;&#x448;&#x443;&#x43D;&#x441;&#x43A;&#x438;&#x439;</subfield>
    <subfield code="b">&#x420;.&#x412;.</subfield>
    <subfield code="4">730</subfield>
  </datafield>
  <datafield tag="790" ind1=" " ind2="0">
    <subfield code="8">gre</subfield>
    <subfield code="7">ga</subfield>
    <subfield code="a">&#x39D;&#x3B9;&#x3BA;&#x3B7;&#x3C6;&#x3CC;&#x3C1;&#x3BF;&#x3C2; &#x393;&#x3C1;&#x3B7;&#x3B3;&#x3BF;&#x3C1;&#x3AC;&#x3C2;</subfield>
    <subfield code="f">&#x43E;&#x43A;.1295-&#x43E;&#x43A;.1360</subfield>
    <subfield code="3">RU\NLR\AUTH\770143427</subfield>
    <subfield code="9">143391</subfield>
  </datafield>
  <datafield tag="852" ind1=" " ind2=" ">
    <subfield code="a">NLR</subfield>
    <subfield code="j">2017-5/3100</subfield>
  </datafield>
  <datafield tag="942" ind1=" " ind2=" ">
    <subfield code="c">BOOK</subfield>
  </datafield>
</record>
